000 00615nam a2200181Ia 4500
008 090124s9999 xx 000 0 und d
082 _b114815
100 _aबोरकर लक्ष्मीदास
245 _a प्रीत पूलली नभांतरी
250 _a1
260 _c1973
300 _a273
600 _aबोरकर लक्ष्मीदास
630 _a प्रीत पूलली नभांतरी
700 _aबोरकर लक्ष्मीदास
730 _a प्रीत पूलली नभांतरी
942 _cBOOK
999 _c160906
_d160906